000 00479nam a2200193Ia 4500
008 170918s9999 xx 000 0 und d
020 _a9781846651182
050 _bB871w 2006
100 _aBronte, Charlotte
245 _aWuthering heights /
245 _cby Charlotte Bronte.
260 _aLondon :
260 _bCharrles Baker Ltd.,
260 _c2006
300 _a104 pages :
300 _billustrations ;
300 _c22cm.
300 _eCharles baker classics.
999 _c343342
_d343342